Statistics for Countries and U.S. States that Start with C

Click here to take the quiz!

General Stats

  • This quiz has been taken 21 times
  • The average score is 14 of 15

Answer Stats

Answer% Correct
Canada
100%
Chile
100%
Colorado
100%
Cuba
100%
California
95%
Cameroon
95%
China
95%
Colombia
95%
Cyprus
95%
Chad
89%
Connecticut
89%
Costa Rica
89%
Croatia
89%
Czech Republic
89%
Cambodia
84%

Score Distribution

Percentile by Number Answered

Percent of People with Each Score

Your Score History

You have not taken this quiz